| 000 | 00684nam a2200217Ia 4500 | ||
|---|---|---|---|
| 003 | GCL | ||
| 008 | 140319s9999 xx 000 0 eng d | ||
| 020 | _a977287282X | ||
| 040 |
_aGCL / _cGCL |
||
| 082 | 0 | 4 |
_a690.1832 _bK D |
| 100 | 1 | _aKHALIL IBRAHIM WAKED | |
| 245 | 1 | 0 |
_aDESIGN OF REINFORCED CONCRETE STAIRS : _bACCORDING TO NEW EGYPTIAN CODE 2001 / _cKHALIL IBRAHIM WAKED |
| 250 | _aFIRST | ||
| 260 |
_aالقاهرة : _bدار الكتب العلمية للنشر والتوزيع ، _c2003 |
||
| 300 |
_a22CM ؛ _c226P |
||
| 650 | 0 | 4 | _aARCHITECTURE - DETAILS |
| 650 | 0 | 4 | _aSTAIRS |
| 650 | 0 | 4 | _aSTAIRCASES |
| 650 | 0 | 4 | _aSTAIRS - DESIGN AND CONSTRUCTIONS |
| 942 |
_2ddc _cBK |
||
| 999 |
_c7366 _d7366 |
||